[Event "ECU-chT U20 Girls"]
[Site "Carpuela"]
[Date "2014.05.05"]
[Round "5.3"]
[White "Carrillo Toasa, Geovana Guada"]
[Black "Tuarez Zambrano, Lusseny Jamil"]
[Result "1/2-1/2"]
[WhiteElo "1545"]
[BlackElo "1544"]
[PlyCount "44"]
[EventDate "2014.05.03"]
[EventType "team-swiss"]
[EventRounds "7"]
[EventCountry "ECU"]
[SourceTitle "CBM 160 Extra"]
[Source "ChessBase"]
[SourceDate "2014.07.01"]
[SourceVersion "1"]
[SourceVersionDate "2014.07.01"]
[SourceQuality "1"]
[WhiteTeam "Cotopaxi (W)"]
[BlackTeam "Esmeraldas (W)"]
[WhiteTeamCountry "ECU"]
[BlackTeamCountry "ECU"]

1. d4 c6 2. e4 d5 3. e5 Bf5 4. Bd3 Qd7 5. Nf3 Bxd3 6. Qxd3 e6 7. c4 Qc7 8. c5 Nd7 9. 0-0 0-0-0 10. b4 f6 11. Re1 g6 12. Nc3 Bg7 13. Bf4 Bh6 14. Bxh6 Nxh6 15. h3 Rdf8 16. a4 Nf7 17. b5 fxe5 18. bxc6 bxc6 19. Qa6+ Kd8 20. Rab1 Nb8 21. Qb7 Kd7 22. Qxc7+ Kxc7 1/2-1/2